000 00578nam a2200205Ia 4500
008 210417s9999 xx 000 0 und d
020 _a9781416035107
020 _b1416035109
082 _a616.905 KAH.20
082 _b2.616.905KAH.1.20
245 0 _a" Bioterrorism, An Issue Of Infectious Disease Clinics "
245 0 _cBioterrorism An Issue Of Infectious Disease Clinics
250 _a1st.ed
250 _b9.05 x 6.32 x 0.75 ; hbk
260 _aNorth America
260 _bSaunders
260 _c2006
700 _aKhardori Nancy
700 _bNancy Khardori
999 _c437775
_d437775